Movies Quiz

Random Movies or Oscar Quiz

LOTR: Return of the King Oscars Quiz Stats

Quiz Updated Aug 27, 2012

Challenge
Share
Tweet
In 2004, Lord of the Rings: Return of the King won every Oscar it was nominated for, but do you know which categories they were in? Just type win if you think Lord of the Rings won the category, or fail if you think it was never even nominated.
Score 0/24 Timer 03:00
2 Plays Today
Award Win or Fail % Correct
Best Picture???
94.3%
Best Visual Effects???
92.7%
Best Costume Design???
92.2%
Best Makeup???
91.3%
Best Documentary Short???
89.4%
Best Documentary Feature???
89.1%
Best Animated Short???
89.1%
Best Foreign Language Film???
88.5%
Best Film Editing???
88.4%
Best Director???
88.1%
Best Adapted Screenplay???
87.7%
Best Original Score???
87.1%
Award Win or Fail % Correct
Best Live Action Short???
87%
Best Actress in a Leading Role???
86.2%
Best Art Direction???
85%
Best Animated Feature???
83.8%
Best Sound Mixing???
82.4%
Best Actor in a Leading Role???
80.6%
Best Actress in a Supporting Role???
78.1%
Best Original Song???
66.3%
Best Actor in a Supporting Role???
64.6%
Best Original Screenplay???
57.9%
Best Sound Editing???
10%
Best Cinematography???
9.8%

You're not logged in!

Compare scores with friends on all Sporcle quizzes.
Sign Up with Email
OR
Log In

You Might Also Like...

Show Comments

Extras

Top Quizzes Today


Score Distribution

Your Account Isn't Verified!

In order to create a playlist on Sporcle, you need to verify the email address you used during registration. Go to your Sporcle Settings to finish the process.